01929nab a2200433 a 4500001000700000003000800007005001700015006001900032007001500051008004100066022001400107022003400121035002200155040002600177050002700203080001500230082001500245100003500260222008500295245019600380260004000576300001500616310001400631362003300645533016400678546006500842650006600907650005600973650007601029650004101105650004201146650004501188655003201233700003001265700003501295710001901330740008401349856006201433108266FlNmELB20241217173839.0m o d | cr cn|||||||||201212r2011 sp |||||s|||||||||||spa d a1134-3478 a1988-3293 (ed. electrónica) a(OCoLC)1105923534 aFlNmELBbspacFlNmELB 4aLB1043.2.S7bI322 2011 a37.013(05)04a371.332221 aImbernón Muñoz, Francisco. 0aComunicar :bRevista Científica Iberoamericana de Comunicación y Educación10aCompetencias en los procesos de enseñanza-aprendizaje virtual y semipresencialh[recurso electronico] /cFrancisco Imbernón Muñoz, Patricia Silva García, Carolina Guzmán Valenzuela. a[Huelva] :bGrupo Comunicar,c2011. a107-114 p. aSemestral0 aVol. XVIII, Num. 36 (2011)- aRecurso electrónico. Santa Fe, Arg.: e-libro, 2015. Disponible vía World Wide Web. El acceso puede estar limitado para las bibliotecas afiliadas a e-libro. aArtículo en español ; resumenes en español e inglés. 4aComunicación en la educaciónvPublicaciones periódicas. 4aTecnología educativavPublicaciones periódicas. 4aInformáticaxAplicaciones en educaciónvPublicaciones periódicas. 0aAudio-visual educationvPeriodicals. 0aMass media in educationvPeriodicals. 0aCommunication in educationvPeriodicals. 4aArtículos electrónicos.1 aSilva García, Patricia.1 aGuzmán Valenzuela, Carolina.2 ae-libro, Corp.02aComunicar :Revista Científica Iberoamericana de Comunicación y Educación.40uhttps://elibro.net/ereader/politecnicointernacional/98619